[Event "86th BRA-ch 2019"]
[Site "Natal"]
[Date "2020.01.14"]
[Round "3.1"]
[White "Fier, Alexandr"]
[Black "Supi, Luis Paulo"]
[Result "1/2-1/2"]
[WhiteElo "2528"]
[BlackElo "2577"]
[Annotator "TA"]
[PlyCount "66"]
[EventDate "2020.01.05"]
[EventType "k.o."]
[EventCountry "BRA"]
[SourceTitle "playchess.com"]
[Source "ChessBase"]
[SourceQuality "1"]

{[%evp 13,66,15,15,10,17,24,28,19,15,14,22,24,25,23,35,30,31,6,8,11,5,-27,-26,-22,-13,-19,-32,-41,-30,-22,0,0,0,0,0,-15,0,0,0,-31,-31,-24,-27,-50,-43,-43,-43,-53,-41,-39,-22,-47,-37,-47,-24]} 1. d4 Nf6 2. c4 e6 3. Nf3 d5 4. Nc3 Be7 5. Bf4 O-O 6. e3 b6 7. cxd5 Nxd5 8. Nxd5 {D37: Queen's Gambit Declined: 5 Bf4} Qxd5 9. Be2 Bb7 10. Bxc7 {White has an edge.} Qa5+ 11. Kf1 Nd7 12. Kg1 $146 ({Predecessor:} 12. h4 Rac8 13. Bf4 Rfd8 14. Kg1 Bxf3 15. Bxf3 e5 {½-½ (31) Ding,L (2769)-So,W (2799) Berlin 2018}) 12... Rac8 13. Bg3 Rfd8 14. h3 Nf6 15. Nd2 Qf5 16. Kh2 Bd6 17. Rf1 Bxg3+ 18. fxg3 Qc2 19. Bf3 Bxf3 20. Nxf3 Qxb2 21. Ne5 Qc2 22. Qf3 Rf8 23. g4 Qc7 24. Qg3 Qc2 25. Qf3 Qc7 26. Qg3 Ne4 27. Qf4 Qb7 {[#] White must now prevent ...g5.} 28. Nd7 Qxd7 29. Qxe4 h6 30. Rf2 Qd6+ 31. Kg1 Rc7 32. Rd1 Rfc8 33. Qf3 f6 {Accuracy: White = 57%, Black = 70%.} 1/2-1/2

[Event "86th BRA-ch 2019"]
[Site "Natal"]
[Date "2020.01.15"]
[Round "3.2"]
[White "Supi, Luis Paulo"]
[Black "Fier, Alexandr"]
[Result "1/2-1/2"]
[WhiteElo "2577"]
[BlackElo "2528"]
[Annotator "TA"]
[PlyCount "48"]
[EventDate "2020.01.05"]
[EventType "k.o."]
[EventCountry "BRA"]
[SourceTitle "playchess.com"]
[Source "ChessBase"]
[SourceQuality "1"]

{[%evp 10,48,26,28,28,27,33,29,41,11,36,38,38,8,28,0,2,10,8,0,17,0,18,0,0,0,0,0,20,0,0,0,36,37,35,47,45,0,26,0,28]} 1. e4 c5 2. Nf3 Nc6 3. Bb5 g6 4. Bxc6 dxc6 5. d3 Bg7 6. O-O Qc7 {B31: Sicilian: 2...Nc6 3 Bb5 g6} 7. h3 e5 (7... Nf6 8. e5 Nd5 9. Re1 O-O 10. c4 Nb6 11. Nc3 Bf5 12. g4 Be6 13. Qe2 Nd7 14. Bf4 {½-½ (94) Caruana,F (2822)-Le,Q (2713) Bucharest 2019}) 8. a3 Nf6 {White has an edge.} 9. b4 cxb4 (9... c4 $5) 10. axb4 O-O 11. Na3 $146 ({Predecessor:} 11. Bb2 Nh5 12. Nbd2 Be6 13. Re1 Rfd8 14. Ng5 Nf4 15. Nxe6 Nxe6 {1-0 (68) Mrdja,M (2368)-Sgnaolin,D (2118) Robecchetto 2002}) 11... Nh5 12. b5 f5 13. Rb1 fxe4 14. dxe4 Nf4 15. Bxf4 exf4 16. Qd3 Be6 17. bxc6 Rad8 18. Qb5 bxc6 19. Qc5 Ba2 20. Rb4 Rf7 {[#] ...Bf8 is the strong threat.} 21. Ra4 $1 Bf8 22. Qc3 Bg7 23. Qc5 Bf8 24. Qc3 Bg7 {Accuracy: White = 51%, Black = 60%.} 1/2-1/2

[Event "86th BRA-ch 2019"]
[Site "Natal"]
[Date "2020.01.15"]
[Round "3.2"]
[White "Lima, Darcy"]
[Black "Diamant, Andre"]
[Result "1/2-1/2"]
[WhiteElo "2534"]
[BlackElo "2547"]
[Annotator "TA"]
[PlyCount "97"]
[EventDate "2020.01.05"]
[EventType "k.o."]
[EventCountry "BRA"]
[SourceTitle "playchess.com"]
[Source "ChessBase"]
[SourceQuality "1"]

{[%evp 14,97,28,15,29,20,21,20,35,27,27,30,23,35,32,27,31,26,39,-29,4,4,4,7,52,37,46,38,35,39,39,41,43,48,42,34,31,28,62,11,17,2,30,0,0,0,0,0,0,0,0,0,78,0,0,0,0,0,0,0,0,0,0,0,0,0,0,0,0,0,0,0,0,0,0,0,0,0,0,0,0,0,0,0,0,0]} 1. d4 Nf6 2. c4 e6 3. Nf3 d5 4. Nc3 c5 5. cxd5 Nxd5 6. g3 cxd4 7. Nxd5 Qxd5 8. Qxd4 Nc6 {D41: Queen's Gambit Declined: Semi-Tarrasch with 5 cxd5} (8... Qxd4 9. Nxd4 Bb4+ 10. Bd2 Bxd2+ 11. Kxd2 Bd7 12. Bg2 Nc6 13. Bxc6 Bxc6 14. Nxc6 bxc6 15. Rhc1 O-O-O+ 16. Ke1 Kb7 17. Rc3 Rd5 18. Rac1 Rc8 19. Rb3+ Kc7 20. Rbc3 Kb6 21. Rb3+ Kc7 22. Rbc3 Kb6 {½-½ (22) Zhou,J (2606)-Dragun,K (2614) Sturbridge 2019}) 9. Qxd5 exd5 10. Bg2 Be7 11. O-O O-O $146 ({Predecessor:} 11... Bf5 12. Rd1 Be4 13. Be3 O-O 14. Rac1 Rfd8 15. Nd4 Nxd4 16. Bxd4 Bxg2 17. Kxg2 {1-0 (45) Nesterov,Y (2420)-Zakharov,A (2365) Protvino 1992}) 12. Bg5 Bxg5 13. Nxg5 h6 14. Nf3 Re8 15. e3 Bg4 16. Rfd1 ({Better is} 16. Rac1 $14) 16... d4 17. exd4 Rad8 18. h3 Bxf3 (18... Be6 {feels hotter.} 19. a3 Bd5 20. b4 f6 21. h4 Re7) 19. Bxf3 Rxd4 20. Bxc6 Rxd1+ 21. Rxd1 bxc6 $11 {[%mdl 4096] Endgame KR-KR} 22. Kf1 Re5 23. Rd8+ Kh7 24. Rd7 Ra5 $1 25. a3 f6 26. Rb7 ({White should try} 26. Rc7 $14) 26... h5 27. Ke2 Kh6 28. Kd3 Rf5 29. Ke3 Re5+ 30. Kd4 Rd5+ 31. Kc4 (31. Ke4 $11) 31... a5 $16 32. b4 axb4 33. axb4 ({Much worse is} 33. Kxb4 Rd2 $11) (33. Rxb4 $16 Ra5 34. Kb3) 33... Rf5 $11 {The position is equal.} 34. Rc7 Rxf2 35. Rxc6 h4 36. gxh4 {[#] aiming for b5.} Kh5 37. Kb3 Kxh4 38. Rc3 Rf1 39. b5 {Threatens to win with Kc4.} Rb1+ 40. Kc4 {[#] Black must now prevent Rb3.} f5 41. Rf3 f4 42. Rxf4+ Kxh3 43. Rf3+ Kh4 44. Rb3 Rc1+ 45. Kd5 g5 46. b6 {[%cal Bb5b6,Bb6b7][%mdl 32]} Rc8 $1 47. b7 Rb8 48. Kc6 {And now Kc7 would win.} g4 49. Kc7 {Accuracy: White = 58%, Black = 77%.} 1/2-1/2

[Event "86th BRA-ch 2019"]
[Site "Natal"]
[Date "2020.01.15"]
[Round "3.3"]
[White "Fier, Alexandr"]
[Black "Supi, Luis Paulo"]
[Result "1/2-1/2"]
[WhiteElo "2528"]
[BlackElo "2577"]
[Annotator "TA"]
[PlyCount "85"]
[EventDate "2020.01.05"]
[EventType "k.o."]
[EventCountry "BRA"]
[SourceTitle "playchess.com"]
[Source "ChessBase"]
[SourceQuality "1"]

{[%evp 22,85,0,0,26,25,22,5,31,0,19,14,3,-24,-24,-29,-22,-74,-79,-160,-142,-143,-133,-137,-128,-127,-131,-125,-118,-105,-113,-104,-38,-50,0,-95,-99,-76,-67,-69,-34,-53,-12,-5,0,0,0,0,0,0,0,0,0,0,0,0,0,0,0,0,5,0,8,0,0,0]} 1. d4 Nf6 2. Nf3 e6 3. e3 b6 4. Bd3 Bb7 5. O-O d5 6. c4 Bd6 7. b3 O-O 8. Bb2 Nbd7 9. Nc3 a6 10. Rc1 Qe7 11. Na4 dxc4 12. bxc4 Ba3 {E14: Queen's Indian: Classical Variation (4 e3)} 13. Bxa3 Qxa3 14. Nc3 {[#]} Rad8 $146 ({Predecessor:} 14... Qd6 15. Ng5 c5 16. Nge4 Bxe4 17. Nxe4 Nxe4 18. Bxe4 Rad8 19. Bf3 Nf6 20. Qa4 a5 21. Rfd1 cxd4 22. exd4 Qf4 23. Qb5 Rxd4 24. Qxb6 Rxd1+ 25. Rxd1 Qxc4 26. Qxa5 e5 27. Qxe5 {½-½ (27) Vassallo Barroche,M (2442)-Pelletier,Y (2604) Lille 2013}) 15. Qe2 Rfe8 16. e4 e5 {[#] aiming for ...exd4.} 17. Nxe5 Nxe5 18. dxe5 Rxe5 19. f4 (19. Rfd1 $11) 19... Re7 $17 20. Bb1 (20. e5 $142) 20... Bxe4 21. Bxe4 Rde8 22. Bxh7+ Kxh7 23. Qf2 Kg8 24. h3 Re3 25. Nd5 Nxd5 26. cxd5 Re2 (26... Qd6 $17 27. Rfd1 Re2) 27. Qf3 $15 R2e3 28. Qh5 (28. Qf2 $1 $11) 28... Rc3 $17 29. Rxc3 Qxc3 {[%mdl 4096] Endgame KQR-KQR} 30. Kh2 Qd2 (30... Qc4 $5 {[%cal Rc4f1]} 31. Rf2 b5 $15) 31. Qg5 f6 32. Qf5 $1 {The position is equal.} Rd8 33. Qe6+ Kh8 34. Qe7 Qxd5 35. Qxc7 b5 36. Rf3 Kg8 37. Rg3 {[%csl Gg3][%cal Rc7g7] [#]} Qd7 38. Qb6 Qd6 $1 {[%cal Rd6b6]} 39. Qb7 {[%csl Gg3][%cal Rb7g7]} Rd7 $1 {[%cal Rd7b7]} 40. Qc8+ Rd8 41. Qb7 {[%csl Gg3][%cal Rb7g7]} Rd7 $1 {[%cal Rd7b7]} 42. Qc8+ Rd8 43. Qb7 {Accuracy: White = 48%, Black = 54%.} 1/2-1/2

[Event "86th BRA-ch 2019"]
[Site "Natal"]
[Date "2020.01.15"]
[Round "3.4"]
[White "Supi, Luis Paulo"]
[Black "Fier, Alexandr"]
[Result "1/2-1/2"]
[WhiteElo "2577"]
[BlackElo "2528"]
[Annotator "TA"]
[PlyCount "132"]
[EventDate "2020.01.05"]
[EventType "k.o."]
[EventCountry "BRA"]
[SourceTitle "playchess.com"]
[Source "ChessBase"]
[SourceQuality "1"]

{[%evp 9,132,22,26,13,13,0,19,23,22,9,17,10,33,10,49,35,63,64,60,43,44,31,50,25,31,9,13,0,25,26,20,20,40,10,24,27,35,17,27,18,20,14,87,45,97,72,66,47,45,46,95,47,79,33,38,34,122,46,75,24,27,21,31,25,36,35,41,41,35,35,31,17,14,16,15,22,10,8,88,57,78,45,57,53,62,48,67,15,18,0,0,0,0,0,0,0,0,0,0,0,0,0,0,0,0,0,0,0,0,0,0,0,0,0,0,0,0,0,0,0,0,0,0,0,0]} 1. e4 c5 2. Nf3 Nc6 3. Bb5 g6 4. Bxc6 dxc6 5. d3 Bg7 6. Nbd2 {B31: Sicilian: 2...Nc6 3 Bb5 g6} Nf6 7. Nc4 Bg4 8. O-O Nd7 9. Ne3 Bxf3 10. Qxf3 O-O $146 ({Predecessor:} 10... Nf8 11. Rd1 Ne6 12. c3 Qd7 13. a4 O-O 14. h4 {½-½ (65) Yudasin,L (2625)-Kramnik,V (2710) Moscow 1994}) 11. Qe2 e5 12. a4 a5 13. Bd2 b6 14. Nc4 Re8 15. Kh1 Nf8 16. f3 Ne6 17. Qf2 Nd4 18. Bc3 Ra7 19. b3 Rd7 20. Rae1 Qc7 21. Bb2 Ne6 22. g3 Rde7 23. f4 exf4 24. gxf4 Bxb2 25. Nxb2 b5 (25... f5 $11) 26. Nd1 {[%cal Bb2d1,Bd1e3,Be3c4][%mdl 32]} bxa4 (26... f5 $14) 27. bxa4 $16 f5 28. Ne3 Ng7 29. e5 Qd7 30. Nc4 Qd5+ $1 31. Qg2 Rb8 $1 32. Nxa5 Qxg2+ 33. Kxg2 Ra8 $1 {[%cal Ra8a5]} 34. Nc4 (34. Nb3 $16) 34... Rxa4 $11 35. Rb1 Ne6 36. Rb6 Ra2 37. Rf2 Nd4 38. c3 $36 {[%mdl 2048] White is more active.} Ne2 $1 {[%cal Re2f4]} 39. Kf3 Nxc3 40. Rxc6 Rxf2+ 41. Kxf2 $14 {[%mdl 4096] Endgame KRN-KRN} Nd5 42. Rxc5 Nxf4 43. Ke3 Ne6 (43... Rc7 $11 44. Ra5 (44. Rxc7 Nd5+ 45. Kd4 Nxc7 $11) 44... Ng2+ 45. Kf3 Ne1+ 46. Ke2 Ng2) 44. Rc8+ Kg7 45. Nd6 Ra7 46. Re8 Ng5 $1 47. h4 Nf7 {Black wants to play ...Nxd6.} 48. Nc4 ({White should play} 48. Nc8 $14 Ra6 49. d4) 48... Nh6 $1 $11 {The position is equal.} 49. e6 Ng4+ 50. Kd4 f4 51. Rd8 {[#] aiming for Rd7+.} Kf6 52. Rf8+ Kxe6 {And now ...Nf6 would win.} 53. Rxf4 Nf6 {Threatening ...Rd7+.} 54. Rf1 Rd7+ 55. Ke3 Nd5+ 56. Ke4 Ne7 {With the idea ...Nf5.} 57. Ra1 {[#] Hoping for Ra6+.} Nf5 {...Rd4+ is the strong threat.} 58. Ra6+ Ke7 59. h5 Ng3+ 60. Ke5 Rxd3 61. Ra7+ Rd7 62. Rxd7+ Kxd7 63. hxg6 hxg6 64. Kf6 Nf5 65. Kxg6 Nd6 66. Nxd6 Kxd6 {Accuracy: White = 47%, Black = 63%.} 1/2-1/2

[Event "86th BRA-ch 2019"]
[Site "Natal"]
[Date "2020.01.15"]
[Round "3.4"]
[White "Diamant, Andre"]
[Black "Lima, Darcy"]
[Result "1/2-1/2"]
[WhiteElo "2547"]
[BlackElo "2534"]
[Annotator "TA"]
[PlyCount "155"]
[EventDate "2020.01.05"]
[EventType "k.o."]
[EventCountry "BRA"]
[SourceTitle "playchess.com"]
[Source "ChessBase"]
[SourceQuality "1"]

{[%evp 9,155,7,6,-60,-70,-122,-119,-128,-44,-54,-48,-69,-70,-92,-97,-94,-88,-98,-84,-91,-81,-98,-93,-110,-96,-103,-100,-122,-80,-132,-71,-193,-180,-199,-123,-226,-178,-191,-166,-171,-104,-117,-99,-189,0,-113,-121,-224,-77,-80,-8,-20,-37,-26,-31,-36,-33,-101,-104,-125,-46,-72,-68,-103,-60,-136,-128,-136,-123,-121,-121,-122,-109,-143,-148,-645,-633,-511,-131,-128,-131,-164,-8,-192,0,-108,0,-166,-97,-99,-87,-97,-72,-73,-61,-83,0,0,0,-83,-68,-78,-78,-89,730,-82,-72,-72,-72,-72,-72,-129,-129,-129,-129,-129,-62,-129,-129,-129,-129,-129,-129,-129,-129,-129,-129,-129,-129,-129,-129,-129,-129,-129,-129,-129,-129,-129,-89,-89,-89,-89,-89,-89,-89,-89,-89,-89]} 1. c4 Nf6 2. Nc3 e5 3. Nf3 Nc6 4. e3 g6 5. a3 Bg7 6. b4 {A28: English Opening: Four Knights Variation} (6. d4 $11) (6. Be2 O-O 7. d3 d5 8. cxd5 Nxd5 9. Qc2 Nxc3 10. bxc3 Na5 11. Rb1 c5 12. c4 b6 13. O-O {½-½ (41) Bauer,C (2626)-Vaibhav,S (2591) Barcelona 2019}) 6... e4 $15 7. Ng5 $146 (7. Nd4 $15) ({Predecessor:} 7. b5 exf3 8. bxc6 dxc6 9. gxf3 O-O 10. Bb2 Re8 11. Qc2 Bf5 12. d3 {½-½ (52) Giffard,N (2400)-Farago,I (2515) Val Thorens 1996}) 7... h6 $17 8. Nh3 d6 (8... d5 $17 9. Bb2 O-O 10. cxd5 Nxd5) 9. Nf4 $15 Ne5 10. Qc2 Bf5 11. Nfd5 Nxd5 12. cxd5 O-O 13. Bb2 c6 14. dxc6 bxc6 15. Na4 a5 16. Bxe5 Bxe5 17. Rb1 axb4 18. axb4 d5 19. Nc5 (19. Qxc6 $142 d4 20. Qc5) 19... d4 (19... Ra3 $142 20. Ba6 Qb6) 20. Bc4 (20. g3 $17 {might work better.}) 20... d3 $19 21. Qd1 Qh4 (21... Qg5 $19 22. Kf1 Bg4) 22. Kf1 (22. h3 $17) 22... Bg4 23. Qe1 Be2+ 24. Kg1 Rfe8 (24... Bd6 $19 25. h3 Rfb8) 25. h3 Bg7 26. Kh2 (26. f3 $17 Qxe1+ 27. Rxe1) 26... Be5+ (26... Qe7 $19 27. Rg1 Qe5+ 28. Kh1 Qh5) 27. Kg1 $17 Kg7 28. Nb3 (28. g3 $17 {was necessary.} Qh5 29. Nxe4 (29. g4 Qh4 $17)) 28... Qd8 (28... Reb8 $19 29. Nc5 Qe7) 29. Nc1 {[#]} Bh5 ({Black should try} 29... Bf3 $1 $17 {[%mdl 512]} 30. Bxd3 (30. gxf3 $2 Qg5+ 31. Kf1 exf3 $19) 30... Bxg2 31. Kxg2 Qg5+ 32. Kf1 exd3 33. Nxd3 Bf6) 30. g4 $11 Qg5 31. Kf1 {Hoping for Qd1.} Bxg4 32. hxg4 Qxg4 33. Nxd3 ({White should play} 33. Bb3 $15) 33... exd3 $17 34. Bxd3 Reb8 $40 {[%mdl 128] Black attacks.} ({Better is} 34... Ra2 $17 35. Qe2 Qd7) 35. Qe2 Qd7 36. Bc4 Ra4 37. d3 (37. Qd3 $15 Qxd3+ 38. Bxd3) 37... Raxb4 38. Rxb4 Rxb4 39. Qf3 h5 40. Kg2 Rb2 41. Rh4 Qe7 42. Re4 $2 {[%mdl 8192]} (42. Rh1 $17) 42... Qg5+ $19 43. Kh3 Bf6 $2 (43... f6 $19 {is more deadly.} 44. Rxe5 Qxe5) 44. Rf4 $17 Rb1 45. Qg2 Qe5 $2 (45... Qc5 $1 $19 {Strongly threatening ...g5.} 46. Qe4 Rg1) 46. Qe4 $2 {[#]} (46. Qxc6 $11 {and White is okay.} Qg5 47. Bd5) 46... Qg5 (46... Qa1 $1 $19 {White must now prevent ...Rh1+.} 47. Qe8 Rg1) 47. Qg2 {Black should prevent Qxg5.} Qe5 (47... Qc5 $17 48. Qe4 Rg1) 48. Qe4 $19 {[#]} Qd6 (48... Qa1 $1 $19 49. Qe8 Rg1) 49. Qe8 Rb7 50. Kg2 Re7 51. Qc8 h4 52. Qg4 Be5 53. Rf3 Bf6 54. Rf4 $1 Re5 {Threatens to win with ...Rg5.} 55. Qf3 Rg5+ 56. Rg4 {and if Rxg5 works, White does fine.} Rf5 $2 {[%mdl 8192]} (56... Rh5 $17) 57. Rf4 $2 (57. Qxf5 $1 $18 Qc7 58. Qe4) 57... Rxf4 (57... Ra5 {is more complex.} 58. Rg4 Rh5 59. Kh1 Qc7 60. Rg1 Ra5) 58. Qxf4 Qxf4 59. exf4 $17 {[%mdl 4096] Endgame KB-KB} Bd4 60. f5 (60. Bb3 $142) 60... g5 61. f3 Kf6 62. Kh3 Ke7 (62... Be3 $17 63. Bb3 Ke7) 63. Kg4 (63. f4 $1 $15) 63... Be3 {Black is better.} 64. Bb3 c5 65. Bc4 f6 66. Ba6 Kd6 67. Bb5 Ke5 68. Ba6 Bf4 69. Bb5 Kd4 70. Kh3 Ke3 71. Kg2 Be5 72. Ba6 Kf4 73. Bc8 h3+ 74. Kxh3 Kxf3 {And now ...g4+ would win.} 75. Bb7+ Kf4 76. Bc8 g4+ 77. Kg2 Ke3 78. Ba6 {Accuracy: White = 38%, Black = 38%.} 1/2-1/2

[Event "86th BRA-ch 2019"]
[Site "Natal"]
[Date "2020.01.15"]
[Round "3.4"]
[White "Lima, Darcy"]
[Black "Diamant, Andre"]
[Result "0-1"]
[WhiteElo "2534"]
[BlackElo "2547"]
[Annotator "TA"]
[PlyCount "118"]
[EventDate "2020.01.05"]
[EventType "k.o."]
[EventCountry "BRA"]
[SourceTitle "playchess.com"]
[Source "ChessBase"]
[SourceQuality "1"]

{[%evp 14,122,16,16,16,16,16,11,11,9,14,16,9,5,12,11,0,0,19,26,36,34,51,34,54,0,0,0,0,0,0,0,0,0,0,0,0,0,0,0,0,0,0,-47,-47,-47,-47,-47,-47,-47,-47,-47,-47,-75,-47,-75,-50,-75,-52,-75,-75,-76,-63,-102,-102,-102,-102,-102,-102,-102,-102,-102,-102,-102,-102,-102,-102,-102,-102,-102,-102,-102,-102,-102,-102,-102,-102,-102,-102,-309,-291,-241,-88,-102,-102,-102,-102,-269,-252,-1193,-1159,-1122,-1073,-1100,-1137,-1100,-1010,-940,-722,-722,-695]} 1. d4 Nf6 2. c4 e6 3. Nf3 d5 4. Nc3 c5 5. cxd5 Nxd5 6. g3 Nxc3 7. bxc3 cxd4 8. cxd4 Bb4+ {D41: Queen's Gambit Declined: Semi-Tarrasch with 5 cxd5} 9. Bd2 Bxd2+ 10. Qxd2 b6 {The position is equal.} 11. Bg2 Bb7 12. O-O O-O 13. Rfe1 {[#]} Nd7 $146 ({Predecessor:} 13... Be4 14. Ne5 Bxg2 15. Kxg2 Nc6 16. Nf3 {0-1 (41) Aravindh,C (2605)-Dominguez Perez,L (2758) Moscow 2019}) 14. e4 Rc8 15. a4 Nf6 16. Ne5 Qc7 17. a5 Rfd8 18. axb6 axb6 19. Rec1 (19. Qb2 $14) 19... Qxe5 $11 20. dxe5 Rxd2 21. Rxc8+ Bxc8 22. exf6 gxf6 {[%mdl 4096] Endgame KRB-KRB} 23. Ra8 Rc2 24. Bf1 Kg7 25. Rb8 $1 Rc6 26. Bb5 Rc1+ 27. Kg2 e5 28. Rxb6 Rb1 {White must now prevent ...Bd7!} 29. Rc6 $1 Bb7 30. Bd3 Rb4 31. Rc7 Bxe4+ 32. Bxe4 Rxe4 $15 {KR-KR} 33. Kf3 Rb4 34. Re7 Kg6 35. h4 Rb5 36. Ke3 f5 37. Ra7 Rb4 38. Kf3 h5 39. Ra8 Kg7 40. Re8 f6 41. Ra8 f4 42. gxf4 Rxf4+ {[%mdl 64] Double Attack} 43. Kg3 Rg4+ 44. Kh3 Rc4 45. f3 Rc3 46. Kg2 Kg6 47. Rh8 Rc7 48. Kg3 Rh7 49. Ra8 Kf5 50. Rg8 Ra7 51. Rh8 $2 {[#]} (51. Rf8 $17) 51... Rg7+ $1 $19 52. Kf2 {[#]} Kg6 $2 (52... Kf4 $1 $19 {is more deadly.} 53. Ra8 Rd7 54. Ra4+ Rd4) 53. Ra8 Rc7 54. Rg8+ Kf5 {Strongly threatening ...Kf4.} 55. Rh8 $2 (55. Kg3 $17 {was called for.}) 55... Kf4 {...Rc2+ is the strong threat.} 56. Rxh5 $2 (56. Rh6 Rc2+ 57. Kf1) 56... Rc2+ {Black is clearly winning.} 57. Ke1 Rc3 58. Rh8 Rxf3 59. h5 e4 {Played: Rf3-h3} 0-1

[Event "86th BRA-ch 2019"]
[Site "Natal"]
[Date "2020.01.15"]
[Round "3.5"]
[White "Supi, Luis Paulo"]
[Black "Fier, Alexandr"]
[Result "1/2-1/2"]
[WhiteElo "2577"]
[BlackElo "2528"]
[Annotator "TA"]
[PlyCount "108"]
[EventDate "2020.01.05"]
[EventType "k.o."]
[EventCountry "BRA"]
[SourceTitle "playchess.com"]
[Source "ChessBase"]
[SourceQuality "1"]

{[%evp 9,108,49,49,30,37,35,51,51,52,37,37,38,54,12,18,17,18,12,18,10,25,19,24,15,21,23,33,30,32,12,47,51,47,50,54,42,51,21,98,8,89,48,110,110,103,103,103,106,106,106,108,109,157,84,170,164,206,212,199,143,137,143,218,167,364,353,329,184,222,211,196,148,151,0,146,146,407,400,270,236,381,341,1098,443,893,14,14,14,14,7,74,0,0,0,0,0,6,0,0,0,0]} 1. e4 c5 2. Nf3 a6 3. g3 Nc6 4. Bg2 e6 (4... g6 5. d4 cxd4 6. Nxd4 Bg7 7. Be3 Nf6 8. O-O O-O 9. c4 d6 10. h3 Nxd4 11. Bxd4 Be6 12. Nd2 {½-½ (43) Najer,E (2663)-Vitiugov,N (2736) Sochi 2015}) 5. O-O d6 6. c3 {B28: Sicilian: 2 Nf3 a6 (O'Kelly Variation)} Nf6 7. Qe2 e5 8. Rd1 {White is slightly better.} Be7 9. h3 O-O $146 ({Predecessor:} 9... Qc7 10. Na3 b5 11. d4 h6 12. Nc2 cxd4 13. cxd4 O-O 14. d5 Na5 15. b3 {½-½ (33) Balzano,I (2137)-Lujan,C (2360) Caba 2018}) 10. d4 {Black must now prevent dxe5.} Qc7 11. Bg5 h6 12. Bxf6 Bxf6 13. dxc5 dxc5 14. Na3 {[%cal Bb1a3,Ba3c2,Bc2e3,Be3d5][%mdl 32]} b5 15. Nc2 Be6 16. Ne3 Be7 17. Nd5 Qb7 18. Rd2 c4 19. Qe3 Qa7 20. Nxe7+ Qxe7 21. Rad1 Qa7 22. Qxa7 Rxa7 23. Nh4 g6 {[#]} (23... Ne7 $11 {keeps the balance.}) 24. f4 (24. Nxg6 $1 $16 {[%mdl 512]} fxg6 25. Rd6 {[%mdl 64] Double Attack}) 24... Bc8 (24... exf4 $11 25. gxf4 Ne7) 25. Rd6 Rc7 (25... Nb8 $14) 26. f5 $1 $36 {[%mdl 2048] White is in control.} g5 27. Nf3 f6 28. Nh2 $1 Kg7 29. Ng4 Rff7 30. Kf2 a5 31. R1d5 (31. Bf3 $142) 31... b4 (31... Na7 $16) 32. Rc5 $18 bxc3 33. bxc3 Bb7 34. Rxc4 ({Better is} 34. a4 $18) 34... h5 $16 35. Ne3 Nb8 (35... Rcd7 $16 36. Rxd7 (36. Rcxc6 Bxc6 37. Rxc6 Rd2+ 38. Ke1 Rxa2 $16) 36... Rxd7) 36. Bf1 Rxc4 $2 (36... Rcd7 37. Rxd7 Rxd7) 37. Bxc4 $18 (37. Nxc4 Bxe4 38. Rb6 Nd7 $16) 37... Rc7 38. Rd8 (38. Bd5 $142) 38... Nd7 39. Bd5 Nc5 40. Rg8+ Kh7 {[#]} 41. Rg6 $2 ({White should play} 41. Rb8 $1 $16) 41... Bxd5 (41... Nxe4+ $11 42. Bxe4 Bxe4) 42. Nxd5 $16 (42. exd5 $6 Ne4+ 43. Kf3 Nxc3 $14) 42... Nxe4+ $2 $11 {[%mdl 12288] Endgame KRN-KRN} (42... Rc6 $16 {was necessary.} 43. Kf3 Nd7) 43. Ke3 $18 Rc4 44. g4 (44. Nxf6+ Nxf6 45. Rxf6 Rxc3+ 46. Ke4 Rxg3 $11) 44... hxg4 (44... h4 {was worth a try.} 45. a3 (45. Nxf6+ Nxf6 46. Rxf6 Rxc3+ 47. Ke4 Rxh3 $16) 45... Kh8) 45. hxg4 Ra4 $2 (45... Kh8 46. a3 (46. Nxf6 Nxf6 47. Rxf6 Rxg4 $16) 46... Kh7) 46. a3 (46. Nb6 $142) 46... Kh8 (46... Rc4 $142 47. a4 (47. Nxf6+ Nxf6 48. Rxf6 Rxc3+ 49. Ke4 Rxa3 $11) 47... Kh8) 47. Nxf6 $2 (47. Nb6 $18) 47... Nxf6 $11 48. Rxf6 {And now Rg6 would win.} Rxg4 $18 {KR-KR} 49. Re6 Ra4 {[#]} (49... Kg7 $11) 50. Re7 ({Of course not} 50. Rxe5 Kg7 $11) (50. Rg6 $1 $16) 50... Kg8 $11 {The position is equal.} 51. f6 Kf8 52. Rxe5 Rxa3 53. Kd4 Kf7 54. Rxg5 Kxf6 {Accuracy: White = 53%, Black = 26%.} 1/2-1/2

[Event "86th BRA-ch 2019"]
[Site "Natal"]
[Date "2020.01.15"]
[Round "3.6"]
[White "Fier, Alexandr"]
[Black "Supi, Luis Paulo"]
[Result "1/2-1/2"]
[WhiteElo "2528"]
[BlackElo "2577"]
[Annotator "TA"]
[PlyCount "92"]
[EventDate "2020.01.05"]
[EventType "k.o."]
[EventCountry "BRA"]
[SourceTitle "playchess.com"]
[Source "ChessBase"]
[SourceQuality "1"]

{[%evp 9,92,-15,-12,-18,0,-6,4,0,5,0,0,2,9,12,25,0,-4,-6,6,-18,0,-16,0,-19,-30,-30,-25,-23,-21,-37,-30,-73,-14,-14,-14,-14,-14,-14,-14,-14,-14,-14,-14,-15,-17,-18,-4,-15,0,0,0,0,0,0,0,0,0,0,7,0,7,7,7,0,0,0,0,0,0,0,0,0,0,0,0,0,0,0,0,0,0,0,0,0,0]} 1. d4 Nf6 2. Bg5 g6 3. Bxf6 exf6 4. g3 d5 5. Bg2 c6 6. e3 {A45: Trompowsky Attack} Bd6 (6... h5 7. h4 f5 8. Ne2 Nd7 9. Nd2 Nf6 10. O-O Bd6 11. c4 dxc4 12. Nxc4 Be6 13. Nxd6+ Qxd6 {½-½ (48) Jobava,B (2604)-Indjic,A (2619) Moscow 2019}) 7. Ne2 Nd7 8. Nd2 f5 9. c4 dxc4 10. Nxc4 Bb4+ 11. Nc3 Nb6 12. Nd2 $146 ({Predecessor:} 12. Nxb6 axb6 13. Qb3 Bxc3+ 14. Qxc3 {½-½ (51) Teske,H (2514)-Plischki,S (2386) Teplice 2013}) 12... O-O 13. O-O Bd6 14. Rb1 Qe7 15. Na4 Be6 16. Nxb6 axb6 17. a3 Rfd8 18. Qc2 b5 19. Rfd1 Bc7 20. Nb3 {[#]} Bd5 (20... f4 $1 $17 {[%mdl 512]} 21. Rbc1 (21. exf4 Bf5) 21... fxe3 22. fxe3 Bb6) 21. Nc5 $11 {The position is equal.} Bxg2 22. Kxg2 Bd6 23. Rbc1 h5 24. h4 Rac8 25. Qe2 Kg7 26. Qf3 Rc7 27. Nd3 Rdc8 28. Rc3 b4 29. axb4 Bxb4 30. Rc4 Bd6 31. Rdc1 Qe6 32. b4 Qe7 33. Nc5 Qe8 34. Nd3 Qe7 35. Kg1 Kg8 36. Rb1 Ra8 37. Kg2 Ra3 38. Nc5 Ra2 (38... Qe8 {is interesting.} 39. Rd1 b6 40. Nd3 Rb3 41. Rc2 Qc8) 39. b5 cxb5 40. Rxb5 Bxc5 41. Rcxc5 Rxc5 42. dxc5 {KQR-KQR} Rc2 43. Rxb7 Qxc5 44. Rb8+ Kg7 45. Qa8 Qc6+ 46. Qxc6 Rxc6 {Accuracy: White = 69%, Black = 57%.} 1/2-1/2